[Event "Politiken Cup 2011"]
[Site "Helsingor"]
[Date "2011.07.31"]
[Round "2.29"]
[White "Skou, Niels"]
[Black "Andersen, Mads"]
[Result "1/2-1/2"]
[WhiteElo "2093"]
[BlackElo "2422"]
[PlyCount "147"]
[EventDate "2011.??.??"]
[WhiteTeam "Evans"]
[BlackTeam "Skanderborg"]

1. d4 Nf6 2. c4 g6 3. Nf3 Bg7 4. Nc3 d5 5. Bf4 O-O 6. e3 c5 7. Qb3 cxd4 8. Nxd4
dxc4 9. Bxc4 Nbd7 10. Ndb5 e5 11. Bg3 Nc5 12. Qa3 Nfe4 13. Rd1 Bd7 14. b4 Nxg3
15. hxg3 Na6 16. O-O Nb8 17. Rd2 a6 18. Rfd1 axb5 19. Qxa8 Qc7 20. Bxb5 Qxc3
21. Bxd7 Nxd7 22. Qxb7 Nf6 23. a4 Ng4 24. a5 Bh6 25. Rd3 Qc2 26. R3d2 Qc3 27.
Qb6 Rc8 28. Rd8+ Rxd8 29. Qxd8+ Bf8 30. Qd2 Qxb4 31. Qxb4 Bxb4 32. a6 Bc5 33.
Rc1 Bb6 34. Rc6 Ba7 35. Kf1 h5 36. Ke2 Kg7 37. Rc7 Bb6 38. Rb7 Bc5 39. Rb2 e4
40. Rc2 Ba7 41. Rc7 Bb6 42. Re7 Nf6 43. Rb7 Bc5 44. Re7 Kf8 45. Rc7 Bb6 46. Rb7
Bc5 47. Kd2 Ng4 48. Ke2 Nf6 49. a7 Bxa7 50. Rxa7 Kg7 51. Ra2 g5 52. Kd2 Kg6 53.
Kc3 Ng4 54. Kd4 Kf5 55. Ra5+ Kg6 56. Ra6+ f6 57. Ra2 Kf5 58. f3 exf3 59. gxf3
Nh6 60. Rh2 Kg6 61. e4 Nf7 62. Kd5 Ne5 63. f4 Ng4 64. f5+ Kh6 65. Rh1 Nf2 66.
Rf1 Ng4 67. Ke6 h4 68. gxh4 gxh4 69. e5 Nxe5 70. Kxf6 Ng4+ 71. Ke7 Kg5 72. Ke6
h3 73. Rh1 Kh4 74. f6 1/2-1/2

[Event "Politiken Cup 2011"]
[Site "Helsingor"]
[Date "2011.07.31"]
[Round "2.30"]
[White "Hendriks, Willy"]
[Black "Johansson, Anders 1973"]
[Result "1-0"]
[WhiteElo "2415"]
[BlackElo "2089"]
[PlyCount "109"]
[EventDate "2011.??.??"]
[WhiteTeam "De Toren Arnhem"]
[BlackTeam "LASK"]

1. e4 d5 2. exd5 Qxd5 3. Nc3 Qa5 4. d4 Nf6 5. Bc4 c6 6. Bd2 Bf5 7. Nd5 Qd8 8.
Nxf6+ gxf6 9. c3 Nd7 10. Qb3 e6 11. Qxb7 Be4 12. f3 Bd5 13. Bxd5 cxd5 14. Qa6
Rg8 15. g3 h5 16. Nh3 h4 17. g4 Qb6 18. Qxb6 axb6 19. Ke2 b5 20. Nf4 Bd6 21. h3
Bxf4 22. Bxf4 Nb6 23. b3 O-O-O 24. Kd3 Kb7 25. Rae1 Ra8 26. Rh2 Ra6 27. Bd6 Nd7
28. Bb4 Rga8 29. a3 Nf8 30. f4 Ng6 31. f5 Nf4+ 32. Kd2 Re8 33. Re3 e5 34. Rf2
Raa8 35. Bd6 Kc6 36. dxe5 fxe5 37. Bxe5 Nxh3 38. Rxh3 Rxe5 39. Kc2 Rxa3 40. Kb2
Ra8 41. Rxh4 Rg8 42. Rh6+ Kd7 43. Rf6 Ke7 44. Rb6 Rxg4 45. f6+ Kd7 46. Rb7+ Kd6
47. Rxf7 Reg5 48. Ka3 Rg2 49. Rxg2 Rxg2 50. Kb4 Kc6 51. Rf8 Rg4+ 52. Ka5 Rf4
53. f7 Kb7 54. Kxb5 Rf1 55. Kc5 1-0

[Event "Politiken Cup 2011"]
[Site "Helsingor"]
[Date "2011.07.31"]
[Round "2.31"]
[White "Hvenekilde, Jorgen"]
[Black "Jepson, Christian"]
[Result "0-1"]
[WhiteElo "2089"]
[BlackElo "2405"]
[PlyCount "84"]
[EventDate "2011.??.??"]
[WhiteTeam "AS04"]

1. d4 c5 2. d5 d6 3. c4 e6 4. Nc3 exd5 5. cxd5 g6 6. e4 Bg7 7. Nf3 Nf6 8. Be2
O-O 9. O-O Re8 10. Nd2 Na6 11. Re1 Nc7 12. a4 b6 13. Bf3 Nd7 14. Nc4 Ne5 15.
Nxe5 Bxe5 16. Be3 a6 17. Qd2 Rb8 18. g3 b5 19. Bg2 b4 20. Nd1 Na8 21. f4 Bg7
22. Rc1 b3 23. Nf2 Rb4 24. e5 dxe5 25. Bxc5 Rxa4 26. fxe5 Nb6 27. Nd3 Nxd5 28.
Bd6 Rd4 29. Bc5 Ra4 30. Bd6 Rd4 31. Bc5 Nb4 32. Bxb4 Rxd3 33. Qf2 Rxe5 34. Be4
Rd7 35. Bc3 Re6 36. Bxg7 Kxg7 37. Bf3 Rxe1+ 38. Rxe1 Bb7 39. Bxb7 Rxb7 40. Qe3
Qb6 41. Qxb6 Rxb6 42. Re3 a5 0-1

[Event "Politiken Cup 2011"]
[Site "Helsingor"]
[Date "2011.07.31"]
[Round "2.32"]
[White "Teplyi, Igor"]
[Black "Nielsen, Borge Hjerrild"]
[Result "1-0"]
[WhiteElo "2393"]
[BlackElo "2083"]
[PlyCount "65"]
[EventDate "2011.??.??"]
[WhiteTeam "Skanderborg"]
[BlackTeam "Hvidovre"]

1. d4 d5 2. c4 e6 3. Nc3 Nf6 4. cxd5 exd5 5. Bg5 Be7 6. e3 O-O 7. Bd3 c6 8. Qc2
Nbd7 9. Nge2 a5 10. O-O h6 11. Bh4 Re8 12. f3 Nf8 13. Kh1 Be6 14. Bf2 Qc7 15.
Bg3 Qd8 16. Rad1 Rc8 17. Qd2 Nh5 18. Bf2 Qc7 19. e4 dxe4 20. fxe4 Nf6 21. Bg3
Qb6 22. h3 Red8 23. Qc2 Qa7 24. Rf3 N6h7 25. e5 Ng5 26. Rff1 Qb8 27. Bf5 Qc7
28. Bxe6 Nfxe6 29. Qf5 Bb4 30. h4 Bxc3 31. Nxc3 g6 32. Qf2 Nh7 33. d5 1-0

[Event "Politiken Cup 2011"]
[Site "Helsingor"]
[Date "2011.07.31"]
[Round "2.33"]
[White "Jonsson, Lennart"]
[Black "Lindberg, Bengt"]
[Result "1/2-1/2"]
[WhiteElo "2086"]
[BlackElo "2391"]
[PlyCount "154"]
[EventDate "2011.??.??"]
[WhiteTeam "Malmö Allmanna Schackklubb"]
[BlackTeam "Solna SS"]

1. d4 Nf6 2. Nf3 e6 3. e3 c5 4. Bd3 b6 5. O-O Bb7 6. b3 Be7 7. Bb2 O-O 8. Nbd2
d6 9. Qe2 Nbd7 10. Rad1 Re8 11. c4 Bf8 12. Bb1 a6 13. Ng5 g6 14. f4 cxd4 15.
exd4 b5 16. Kh1 bxc4 17. bxc4 Rb8 18. Ba1 Bg7 19. Qf2 Nf8 20. h3 Ba8 21. Kh2 h6
22. Ngf3 Qc7 23. Bd3 Rbd8 24. Rde1 N8h7 25. g3 Re7 26. Bb1 Bb7 27. Qe2 Rde8 28.
Qd3 Nd7 29. Qc2 Nhf8 30. Re2 f5 31. Rfe1 Nf6 32. Qc3 N8h7 33. Bb2 g5 34. Ba3
gxf4 35. gxf4 Nd5 36. Qc2 Nxf4 37. Rf2 Rf7 38. d5 Ng5 39. dxe6 Ngxe6 40. Nh4
Ref8 41. Nxf5 Rxf5 42. Rxe6 Nxe6 43. Rxf5 d5+ 44. Kg2 dxc4+ 45. Kf1 Rxf5+ 46.
Qxf5 Qf4+ 47. Qxf4 Nxf4 48. Nxc4 Bg2+ 49. Kf2 Bxh3 50. Nd6 Nd5 51. Bd3 Be6 52.
Bc4 Bf8 53. Bc5 Nc7 54. Bxe6+ Nxe6 55. Ba3 Kh7 56. Nc4 Bxa3 57. Nxa3 Kg6 58.
Nc2 Kf5 59. a4 Nc5 60. a5 Kf4 61. Nb4 Kg4 62. Kg2 h5 63. Kh2 h4 64. Nd5 Nd3 65.
Nc7 Nb4 66. Ne6 Nd3 67. Nc7 Nc5 68. Kg2 h3+ 69. Kh2 Kh4 70. Nd5 Nb3 71. Nb4
Nxa5 72. Nxa6 Nc4 73. Nc5 Ne3 74. Ne4 Ng4+ 75. Kh1 Kh5 76. Kg1 Kg6 77. Nf2 Nxf2
1/2-1/2

[Event "Politiken Cup 2011"]
[Site "Helsingor"]
[Date "2011.07.31"]
[Round "2.34"]
[White "Carstensen, Jacob"]
[Black "Schmied, Andreas"]
[Result "1-0"]
[WhiteElo "2391"]
[BlackElo "2081"]
[PlyCount "43"]
[EventDate "2011.??.??"]
[WhiteTeam "Brønshøj"]

1. d4 Nf6 2. c4 g6 3. Nc3 d5 4. Bf4 Bg7 5. e3 c5 6. dxc5 Qa5 7. Rc1 dxc4 8.
Bxc4 O-O 9. Nf3 Nbd7 10. O-O Nxc5 11. h3 Be6 12. Bxe6 Nxe6 13. Bh2 Rac8 14. e4
Nc5 15. Qe2 Na4 16. Nxa4 Qxa4 17. e5 Rxc1 18. Rxc1 Ne8 19. b3 Qa3 20. Bf4 e6
21. Qb5 Qe7 22. Bd2 1-0

[Event "Politiken Cup 2011"]
[Site "Helsingor"]
[Date "2011.07.31"]
[Round "2.35"]
[White "Nielsen, Poul Erik"]
[Black "Lund, Silas"]
[Result "0-1"]
[WhiteElo "2083"]
[BlackElo "2388"]
[PlyCount "42"]
[EventDate "2011.??.??"]
[WhiteTeam "Holstebro"]
[BlackTeam "Enkeltmedlem"]

1. d4 d5 2. g3 c6 3. Bg2 Bg4 4. Nf3 Nd7 5. O-O e6 6. b3 f5 7. c4 Bd6 8. Bb2 Qf6
9. Qd2 Nh6 10. Nc3 O-O 11. a4 a5 12. Nd1 f4 13. Bc3 Bc7 14. Nb2 Nf5 15. Rae1
Qh6 16. Ne5 Nxe5 17. dxe5 d4 18. Bxd4 Rad8 19. Qxf4 Qxf4 20. gxf4 Nxd4 21. f3
Bh5 0-1

[Event "Politiken Cup 2011"]
[Site "Helsingor"]
[Date "2011.07.31"]
[Round "2.37"]
[White "Zivkovic, Milenko"]
[Black "Svane, Rasmus"]
[Result "0-1"]
[WhiteElo "2079"]
[BlackElo "2346"]
[PlyCount "106"]
[EventDate "2011.??.??"]
[WhiteTeam "Perlen"]
[BlackTeam "Lübecker Schachverein von 1873"]

1. d4 d5 2. e4 e6 3. Nc3 Nf6 4. Bg5 Bb4 5. e5 h6 6. Bd2 Bxc3 7. Bxc3 Ne4 8. Qg4
O-O 9. Bb4 c5 10. Bxc5 Nxc5 11. dxc5 Nc6 12. Nf3 Qa5+ 13. c3 Rd8 14. a4 Qxc5
15. Bd3 d4 16. Qe4 dxc3 17. Rc1 Qb4 18. bxc3 Qxe4+ 19. Bxe4 Bd7 20. Rb1 b6 21.
a5 bxa5 22. Ke2 Rab8 23. Rhd1 Be8 24. Rxd8 Rxd8 25. Rb7 a4 26. Bxc6 Bxc6 27.
Rxa7 Ra8 28. Rxa8+ Bxa8 29. Kd3 a3 30. Kc2 Bd5 31. Nd2 Bxg2 32. Kb3 g5 33. Kxa3
Kg7 34. Kb4 Kg6 35. Kc5 Kf5 36. Kd4 Ba8 37. c4 h5 38. c5 h4 39. Nc4 Kf4 40. Nd6
Kf3 41. Nxf7 g4 42. Nh6 Bc6 43. Kd3 h3 44. Kd2 Kg2 45. Nxg4 Bf3 46. c6 Bxc6 47.
Ke1 Bf3 48. Ne3+ Kxh2 49. Kf1 Bg2+ 50. Ke2 Kg1 51. Ng4 h2 52. Nxh2 Kxh2 53. Ke3
Bh3 0-1

[Event "Politiken Cup 2011"]
[Site "Helsingor"]
[Date "2011.07.31"]
[Round "2.38"]
[White "Giffard, Nicolas"]
[Black "Halamus, Agata"]
[Result "1-0"]
[WhiteElo "2342"]
[BlackElo "2076"]
[PlyCount "75"]
[EventDate "2011.??.??"]
[WhiteTeam "Drancy"]
[BlackTeam "AKS Mikolow"]

1. d4 Nf6 2. c4 g6 3. Nc3 d5 4. Bg5 Ne4 5. Nxe4 dxe4 6. Qd2 Bg7 7. e3 f6 8. Bh4
Be6 9. Qc2 c6 10. Ne2 Na6 11. a3 Qa5+ 12. Nc3 Rd8 13. Qc1 c5 14. d5 Bd7 15. Be2
O-O 16. O-O g5 17. Bg3 f5 18. f3 exf3 19. Bxf3 e5 20. dxe6 Bxe6 21. Bd5 Rde8
22. Bxe6+ Rxe6 23. Nd5 Qa4 24. b3 Qe8 25. Ra2 Be5 26. Bxe5 Rxe5 27. Raf2 Nb8
28. Qc2 Qe6 29. g4 f4 30. exf4 gxf4 31. Nxf4 Qh6 32. Nd5 Rxf2 33. Qxf2 Qg7 34.
Nf6+ Kh8 35. Kh1 h6 36. Nh5 Rxh5 37. gxh5 Nc6 38. Qxc5 1-0

[Event "Politiken Cup 2011"]
[Site "Helsingor"]
[Date "2011.07.31"]
[Round "2.39"]
[White "Brorsen, Jacob Abildlund"]
[Black "Carlstedt, Jonathan"]
[Result "1/2-1/2"]
[WhiteElo "2061"]
[BlackElo "2336"]
[PlyCount "132"]
[EventDate "2011.??.??"]
[WhiteTeam "BMS"]

1. d4 d5 2. c4 e6 3. Nc3 c5 4. cxd5 exd5 5. Nf3 Nc6 6. g3 Nf6 7. Bg2 Be7 8. O-O
O-O 9. Bg5 c4 10. Ne5 Be6 11. b3 Qa5 12. Rc1 Rac8 13. bxc4 dxc4 14. Nxc6 bxc6
15. Ne4 Qxa2 16. Ra1 Qb2 17. Rxa7 Nxe4 18. Bxe7 Nc3 19. Qa1 Nxe2+ 20. Kh1 Qxa1
21. Rfxa1 Rfe8 22. Bc5 c3 23. Bf3 Bd5 24. Bxd5 cxd5 25. R7a2 c2 26. Rxc2 Nxd4
27. Rc3 Ne6 28. Rac1 Rc7 29. Ba3 Rec8 30. Rxc7 Rxc7 31. Kg2 Rxc1 32. Bxc1 Kf8
33. Kf3 Ke7 34. Ke3 Kd6 35. Ba3+ Kc6 36. Kd3 f5 37. f3 g5 38. g4 f4 39. Be7 h6
40. Ba3 Kd7 41. Kc3 Ke8 42. Bb2 Ke7 43. Ba3+ Kf6 44. Kb4 Nd8 45. Kc3 Nc6 46.
Kd3 Kg6 47. Bd6 h5 48. h3 h4 49. Bc5 Kf6 50. Ba3 Ne5+ 51. Ke2 Nc4 52. Bc5 Ke6
53. Bd4 Ne5 54. Bc3 Nf7 55. Kd3 Nd8 56. Ba5 Nc6 57. Bc3 Ne5+ 58. Ke2 Kd6 59.
Bd4 Nd7 60. Kd3 Nc5+ 61. Ke2 Ne6 62. Bf6 d4 63. Kd3 Kd5 64. Be7 Nc5+ 65. Kd2
Ne6 66. Kd3 Nc5+ 1/2-1/2

[Event "Politiken Cup 2011"]
[Site "Helsingor"]
[Date "2011.07.31"]
[Round "2.85"]
[White "Aranovitch, Emiliano"]
[Black "Christiansen, Niels Jorgen"]
[Result "1-0"]
[WhiteElo "2328"]
[BlackElo "1768"]
[PlyCount "49"]
[EventDate "2011.??.??"]
[WhiteTeam "Mendrisio"]
[BlackTeam "Helsinge"]

1. e4 c5 2. Nf3 Nc6 3. Bb5 g6 4. O-O Bg7 5. Bxc6 dxc6 6. h3 Qc7 7. d3 Nf6 8.
Nc3 Nd7 9. Be3 b6 10. Qd2 O-O 11. Bh6 Ne5 12. Nh2 f5 13. Bxg7 Kxg7 14. exf5
Bxf5 15. Rae1 Rf7 16. f4 Nd7 17. g4 Bxg4 18. Nxg4 Raf8 19. Qe3 h5 20. Ne5 Nxe5
21. Qxe5+ Qxe5 22. Rxe5 Rd8 23. Ne4 Rd7 24. b3 Rf8 25. h4 1-0

[Event "Politiken Cup 2011"]
[Site "Helsingor"]
[Date "2011.07.31"]
[Round "2.40"]
[White "Taksrud, Vidar"]
[Black "Korley, Kassa"]
[Result "0-1"]
[WhiteElo "2074"]
[BlackElo "2326"]
[PlyCount "62"]
[EventDate "2011.??.??"]
[WhiteTeam "Tempo Sjakk"]
[BlackTeam "Marshall"]

1. d4 Nf6 2. Nf3 g6 3. g3 Bg7 4. Bg2 O-O 5. c4 c5 6. O-O cxd4 7. Nxd4 Nc6 8.
Nc3 Ng4 9. Nc2 d6 10. h3 Nge5 11. Ne3 Na5 12. c5 dxc5 13. Ne4 c4 14. f4 Nec6
15. Kh2 Rb8 16. Qe1 b5 17. Nd5 e6 18. Nb4 Nxb4 19. Qxb4 Nc6 20. Qc5 Qb6 21.
Qxb6 axb6 22. Nd6 Nd4 23. e3 Nc2 24. Rb1 Ba6 25. a3 Rfd8 26. Ne4 Rd3 27. Nf2
Rb3 28. Nd1 Bb7 29. Bd2 Bxg2 30. Kxg2 Nxa3 31. Nc3 Nxb1 0-1

[Event "Politiken Cup 2011"]
[Site "Helsingor"]
[Date "2011.07.31"]
[Round "2.41"]
[White "Aabling-Thomsen, Jakob"]
[Black "Finnlaugsson, Gunnar"]
[Result "1-0"]
[WhiteElo "2325"]
[BlackElo "2072"]
[PlyCount "103"]
[EventDate "2011.??.??"]
[WhiteTeam "Brønshøj"]
[BlackTeam "LASK"]

1. e4 e6 2. d4 d5 3. Nd2 dxe4 4. Nxe4 Nf6 5. Bg5 Be7 6. Bxf6 gxf6 7. Nf3 b6 8.
Bc4 Bb7 9. Qe2 Nd7 10. O-O-O c6 11. Nfd2 Qc7 12. Qh5 Nf8 13. f4 f5 14. Ng5 Bxg5
15. Qxg5 Qe7 16. Qg7 Ng6 17. Rhe1 O-O-O 18. g3 Rhg8 19. Qxh7 Kb8 20. Qh5 Rxd4
21. Qe2 Rgd8 22. Bd3 Qf6 23. Nf3 R4d7 24. h4 Rh8 25. Bc4 Rhd8 26. h5 Nf8 27.
Ne5 Rxd1+ 28. Rxd1 Rxd1+ 29. Qxd1 Kc7 30. Be2 Qe7 31. Qh1 Nh7 32. Bf3 f6 33.
Nxc6 Qc5 34. Nd4 Bxf3 35. Nxf3 Qf2 36. Ne1 Qxg3 37. Nd3 e5 38. fxe5 fxe5 39.
Qa8 Qg5+ 40. Kb1 Qxh5 41. Qxa7+ Kc8 42. Qa6+ Kc7 43. Qc4+ Kb7 44. Qd5+ Ka7 45.
Qxe5 Qh1+ 46. Nc1 Qe4 47. Qxe4 fxe4 48. c4 Kb7 49. Kc2 Kc6 50. Kc3 Nf6 51. Kd4
Kd6 52. Ne2 1-0

[Event "Politiken Cup 2011"]
[Site "Helsingor"]
[Date "2011.07.31"]
[Round "2.42"]
[White "Jensen, Morten Frank"]
[Black "Petersen, Tom Petri"]
[Result "0-1"]
[WhiteElo "2064"]
[BlackElo "2324"]
[PlyCount "88"]
[EventDate "2011.??.??"]
[WhiteTeam "Præstø"]
[BlackTeam "Nordre"]

1. b3 e5 2. Bb2 Nc6 3. e3 d5 4. Bb5 Bd6 5. Nf3 Qf6 6. c4 dxc4 7. bxc4 Bd7 8.
O-O Nge7 9. Qc1 b6 10. Nc3 Qg6 11. Nh4 Qh5 12. g3 f5 13. Nd5 O-O 14. f4 e4 15.
Qc3 Qf7 16. Nxe7+ Qxe7 17. a4 a5 18. Bxc6 Bxc6 19. Ba3 Bxa3 20. Qxa3 Qxa3 21.
Rxa3 Rad8 22. Ra2 g6 23. h3 Rd3 24. Kf2 Rfd8 25. Ke2 Bd7 26. Rc1 Rb3 27. c5 Rb4
28. cxb6 cxb6 29. Rc7 Bxa4 30. g4 fxg4 31. hxg4 Bb5+ 32. Kf2 Bd3 33. f5 g5 34.
Ng2 Bb1 35. Ra3 Rxd2+ 36. Ke1 Rc2 37. Rxc2 Bxc2 38. Rc3 Bb3 39. Rc8+ Kg7 40.
Rc7+ Bf7 41. Kf1 a4 42. Ne1 a3 43. Nc2 a2 44. Ra7 Rb2 0-1

[Event "Politiken Cup 2011"]
[Site "Helsingor"]
[Date "2011.07.31"]
[Round "2.43"]
[White "Larsen, Karsten"]
[Black "Carnstam, Tomas"]
[Result "1-0"]
[WhiteElo "2323"]
[BlackElo "2062"]
[PlyCount "113"]
[EventDate "2011.??.??"]
[WhiteTeam "K41"]

1. Nf3 d5 2. b3 Bf5 3. Bb2 e6 4. c4 Nd7 5. g3 c6 6. Bg2 Ngf6 7. O-O Qb6 8. d3
dxc4 9. Bd4 Bc5 10. Bxc5 Qxc5 11. bxc4 O-O 12. Nc3 Rab8 13. Qb3 b5 14. cxb5
cxb5 15. Rac1 e5 16. Ne4 Qb6 17. Nxf6+ gxf6 18. Nd2 Qa5 19. Qb2 Rfc8 20. Ne4
Qb6 21. Nc3 Be6 22. Nd5 Bxd5 23. Bxd5 Nc5 24. Qb4 f5 25. Qh4 Qd6 26. Qg5+ Kf8
27. Bg2 Qg6 28. Qe3 Qd6 29. Bh3 f4 30. gxf4 exf4 31. Qf3 Rc7 32. d4 Ne6 33.
Bxe6 fxe6 34. Rxc7 Qxc7 35. Qe4 Qg7+ 36. Kh1 Qb7 37. f3 Qxe4 38. fxe4 Ke7 39.
Rxf4 Rg8 40. e5 a5 41. Rf1 Rg4 42. e3 Re4 43. Re1 Kd7 44. Kg2 Kc6 45. Kf3 Rh4
46. Rc1+ Kb6 47. Rc2 b4 48. e4 Rh3+ 49. Kf4 Rd3 50. d5 exd5 51. exd5 Rxd5 52.
e6 Rd8 53. e7 Re8 54. Re2 a4 55. Kf5 b3 56. axb3 axb3 57. Kf6 1-0

[Event "Politiken Cup 2011"]
[Site "Helsingor"]
[Date "2011.07.31"]
[Round "2.44"]
[White "Hauge, Lars Oskar"]
[Black "Rewitz, Poul"]
[Result "0-1"]
[WhiteElo "2052"]
[BlackElo "2309"]
[PlyCount "94"]
[EventDate "2011.??.??"]
[BlackTeam "Århus/skolerne"]

1. e4 c6 2. d4 d5 3. e5 Bf5 4. Nc3 e6 5. g4 Bg6 6. Nge2 c5 7. Be3 Nc6 8. h4 h5
9. Nf4 Qb6 10. Nxg6 fxg6 11. Bb5 cxd4 12. Bxd4 Bc5 13. Bxc5 Qxc5 14. Qd3 Nge7
15. Na4 Qb4+ 16. c3 Qxg4 17. Qe2 Qxe2+ 18. Kxe2 O-O 19. Nc5 Rf5 20. Rae1 Rxe5+
21. Kd2 Rf8 22. Rxe5 Nxe5 23. Ke2 a6 24. Ba4 Ng4 25. f3 Nf5 26. Rh3 Ne5 27.
Nxe6 Rf6 28. Nc5 b5 29. Bc2 Nc4 30. b3 Nce3 31. Bxf5 Nxf5 32. Kd3 Rc6 33. b4 a5
34. a3 Rc8 35. Rh2 Kf7 36. f4 axb4 37. axb4 Re8 38. Nd7 Re3+ 39. Kd2 Re4 40.
Ne5+ Kf6 41. Nd3 Ne3 42. Rf2 Kf5 43. Nc5 Nc4+ 44. Kd3 Rxf4 45. Rh2 Ne5+ 46. Kc2
Nf3 47. Rh3 Nxh4 0-1

[Event "Politiken Cup 2011"]
[Site "Helsingor"]
[Date "2011.07.31"]
[Round "2.45"]
[White "Veng, Johnny"]
[Black "Petersen, Nils"]
[Result "1-0"]
[WhiteElo "2309"]
[BlackElo "2051"]
[PlyCount "81"]
[EventDate "2011.??.??"]
[WhiteTeam "Nordre"]
[BlackTeam "Øbro"]

1. d4 Nf6 2. c4 e6 3. g3 Bb4+ 4. Bd2 c5 5. Bxb4 cxb4 6. Bg2 d6 7. e4 O-O 8. Ne2
e5 9. O-O Qc7 10. Qd3 Nc6 11. Nd2 b6 12. Rac1 a5 13. h3 Bb7 14. Rfd1 Rfd8 15.
Nf1 Rac8 16. Ne3 Ne7 17. f4 Ne8 18. Ng4 f6 19. h4 Nc6 20. Ne3 Nxd4 21. Nxd4
exd4 22. Nf5 Rb8 23. Nxd4 Bc8 24. Kh2 g6 25. Qe2 Ng7 26. Rc2 Bd7 27. Bh3 Bxh3
28. Kxh3 Qc8+ 29. Qg4 Qxg4+ 30. Kxg4 Rbc8 31. Kf3 Kf7 32. Nb5 Ke7 33. Rcd2 Ne8
34. b3 Ra8 35. g4 Rac8 36. g5 f5 37. exf5 gxf5 38. Nd4 Ng7 39. h5 Rf8 40. Nb5
Nxh5 41. Re1+ 1-0

[Event "Politiken Cup 2011"]
[Site "Helsingor"]
[Date "2011.07.31"]
[Round "2.46"]
[White "Haubro, Martin"]
[Black "Bach, Matthias"]
[Result "0-1"]
[WhiteElo "2040"]
[BlackElo "2307"]
[PlyCount "154"]
[EventDate "2011.??.??"]
[WhiteTeam "BMS"]

1. c4 d6 2. d4 Nd7 3. e4 c5 4. d5 e5 5. Nc3 Ne7 6. Bd3 Ng6 7. Nge2 h5 8. Be3
Be7 9. Qd2 a6 10. f3 h4 11. O-O-O Nf6 12. g3 Bd7 13. b3 Nh7 14. Rhg1 h3 15. f4
Bg4 16. Rdf1 Nf6 17. Kc2 Nd7 18. Nc1 Bf6 19. f5 Ngf8 20. Nd1 Bxd1+ 21. Qxd1 Bg5
22. Bxg5 Qxg5 23. Qd2 Nh7 24. Ne2 Qxd2+ 25. Kxd2 b5 26. Nc3 b4 27. Nd1 Ng5 28.
Ke3 a5 29. Bc2 Ke7 30. g4 Ra7 31. Rg3 Rha8 32. a4 bxa3 33. Nc3 Rb7 34. Ra1 Rb4
35. Rxa3 Nb6 36. Na2 a4 37. Kd2 axb3 38. Rxa8 bxa2 39. Ra7+ Kf6 40. Rxa2 Nxc4+
41. Kc3 Nb6 42. Ra6 Ke7 43. Rg1 Nf3 44. Rb1 Rxb1 45. Bxb1 Nxh2 46. Bd3 Nxg4 47.
Be2 h2 48. Bf3 Nd7 49. Ra1 Ndf6 50. Kd2 g5 51. fxg6 fxg6 52. Ke2 g5 53. Ra7+
Kf8 54. Ra6 Nh5 55. Rxd6 Ng3+ 56. Kd2 h1=Q 57. Bxh1 Nxh1 58. Ke2 Nh2 59. Rf6+
Ke7 60. Re6+ Kd7 61. Rxe5 Ng3+ 62. Kd3 Nf3 63. Re6 g4 64. Kc4 Ng5 65. Rg6 N3xe4
66. Rg7+ Ke8 67. d6 Nxd6+ 68. Kd5 Nde4 69. Rg8+ Kf7 70. Ra8 Kg6 71. Ke5 g3 72.
Kf4 Kf6 73. Ra6+ Ke7 74. Ra2 Kd6 75. Ra1 Kd5 76. Rd1+ Kc4 77. Rc1+ Kb3 0-1

[Event "Politiken Cup 2011"]
[Site "Helsingor"]
[Date "2011.07.31"]
[Round "2.47"]
[White "Burmeister, Rick"]
[Black "Christensen, Klaus"]
[Result "1-0"]
[WhiteElo "2298"]
[BlackElo "2044"]
[PlyCount "69"]
[EventDate "2011.??.??"]
[BlackTeam "Århus/skolerne"]

1. e4 c5 2. Nc3 Nc6 3. g3 e6 4. Bg2 g6 5. d3 Bg7 6. Be3 d6 7. Nh3 Rb8 8. O-O b5
9. Qd2 b4 10. Nd1 Nf6 11. Bh6 O-O 12. Bxg7 Kxg7 13. f4 d5 14. e5 Ng8 15. Ne3 f6
16. exf6+ Qxf6 17. c4 Nge7 18. Ng5 Rd8 19. Qf2 h5 20. Rac1 d4 21. Nd1 Bd7 22.
Re1 Rf8 23. Qe2 Nd8 24. Ne4 Qf5 25. Ndf2 Rb6 26. Bh3 Qf7 27. Nxc5 Nf5 28. Qe5+
Kh7 29. Nfe4 Kh6 30. Bxf5 gxf5 31. Ng5 Qe7 32. Qc7 Rd6 33. Re5 Nc6 34. Rce1 Rc8
35. Qxd6 1-0

[Event "Politiken Cup 2011"]
[Site "Helsingor"]
[Date "2011.07.31"]
[Round "2.49"]
[White "Jorgensen, Carina Eilegaard"]
[Black "Christensen, Bo Garner"]
[Result "1/2-1/2"]
[WhiteElo "2030"]
[BlackElo "2289"]
[PlyCount "130"]
[EventDate "2011.??.??"]
[WhiteTeam "Taastrup"]
[BlackTeam "K41"]

1. d4 f5 2. c4 Nf6 3. Nc3 g6 4. g3 Bg7 5. Bg2 d6 6. Nf3 O-O 7. O-O Nc6 8. b3 e5
9. d5 Ne7 10. Ba3 b6 11. Rc1 Bd7 12. b4 a5 13. bxa5 Rxa5 14. Bb4 Ra8 15. e3 h6
16. a4 g5 17. Ra1 Ng6 18. a5 bxa5 19. Bxa5 f4 20. Qc2 Qc8 21. Bb4 Rxa1 22. Rxa1
Bf5 23. e4 Bh3 24. c5 Qg4 25. Ne1 Bxg2 26. Nxg2 f3 27. Ne1 Nh4 28. Qd3 Nh5 29.
Ra2 Nf4 30. Qf1 Rb8 31. cxd6 cxd6 32. Bxd6 Rb3 33. Qc4 Rxc3 34. Qxc3 Ne2+ 35.
Rxe2 fxe2 36. Qe3 Ng6 37. Bc5 Qc8 38. Nd3 Nf8 39. Qxe2 Nd7 40. Be3 Qc4 41. f3
g4 42. Nf4 Qb4 43. Ne6 Nf6 44. Bd2 Qb1+ 45. Kg2 gxf3+ 46. Kxf3 Qh1+ 47. Qg2
Qd1+ 48. Ke3 Ng4+ 49. Kd3 Qb1+ 50. Kc4 Qc2+ 51. Kb5 Qd3+ 52. Kc6 Qa6+ 53. Kc5
Bf6 54. d6 Qa7+ 55. Kc6 Qa4+ 56. Kc5 Qc2+ 57. Kb4 Qb2+ 58. Kc5 Qc2+ 59. Kb4 Qc6
60. Qe2 Qxd6+ 61. Nc5 h5 62. h3 Qd4+ 63. Qc4+ Qxc4+ 64. Kxc4 Nf2 65. h4 Be7
1/2-1/2

[Event "Politiken Cup 2011"]
[Site "Helsingor"]
[Date "2011.07.31"]
[Round "2.50"]
[White "Schmidt, Kresten"]
[Black "Mortensen, Henrik"]
[Result "1-0"]
[WhiteElo "2289"]
[BlackElo "2024"]
[PlyCount "45"]
[EventDate "2011.??.??"]
[BlackTeam "Horsens"]

1. e4 Nf6 2. e5 Nd5 3. c4 Nb6 4. c5 Nd5 5. Nc3 e6 6. Bc4 Bxc5 7. Qg4 Kf8 8.
Nxd5 exd5 9. Bxd5 c6 10. Bb3 d5 11. Qg3 Qe7 12. Nf3 Bf5 13. Nh4 Bd7 14. O-O f6
15. Nf3 Be6 16. d4 Bb6 17. exf6 gxf6 18. Re1 Kf7 19. Bc2 Bc7 20. Qh4 h5 21. Bf4
Bd6 22. Qg3 Bxf4 23. Qxf4 1-0

[Event "Politiken Cup 2011"]
[Site "Helsingor"]
[Date "2011.07.31"]
[Round "2.77"]
[White "Skousen, Nikolai"]
[Black "Thybo, Jesper Sondergaard"]
[Result "0-1"]
[WhiteElo "2289"]
[BlackElo "1921"]
[PlyCount "66"]
[EventDate "2011.??.??"]
[WhiteTeam "Øbro"]
[BlackTeam "Skive"]

1. d4 Nf6 2. Nf3 e6 3. e3 b6 4. Bd3 Bb7 5. O-O c5 6. c4 cxd4 7. exd4 d5 8. Nc3
Be7 9. Ne5 Nbd7 10. cxd5 exd5 11. Re1 O-O 12. Bf4 Nxe5 13. dxe5 Nd7 14. Bc2 Nc5
15. Be3 Ne6 16. Nb5 Bb4 17. Bd2 Bc5 18. b4 Be7 19. Bc3 Rc8 20. Qd3 g6 21. Nd4
Nxd4 22. Bxd4 Bxb4 23. Re2 Bc5 24. Rae1 Bxd4 25. Qxd4 Rc4 26. Qd2 Re8 27. f4
Qh4 28. g3 Qh3 29. f5 d4 30. Bb3 Rc3 31. e6 Rxg3+ 32. hxg3 Qh1+ 33. Kf2 Qg2#
0-1

[Event "Politiken Cup 2011"]
[Site "Helsingor"]
[Date "2011.07.31"]
[Round "2.48"]
[White "Hyldkrog, Lars"]
[Black "Skovgaard, Peter"]
[Result "1/2-1/2"]
[WhiteElo "2038"]
[BlackElo "2288"]
[PlyCount "130"]
[EventDate "2011.??.??"]
[WhiteTeam "LVS"]
[BlackTeam "BMS"]

1. e4 b6 2. d4 Bb7 3. Nc3 e6 4. Nf3 Bb4 5. Bd3 Nf6 6. Qe2 d5 7. e5 Ne4 8. Bd2
Nxd2 9. Qxd2 Ba6 10. a3 Be7 11. Bxa6 Nxa6 12. Qd3 Qc8 13. Ne2 O-O 14. O-O c5
15. c3 Nc7 16. Nd2 Ne8 17. f4 g6 18. g4 Ng7 19. g5 Nf5 20. Rac1 h5 21. gxh6
Nxh6 22. Kh1 Kg7 23. Rg1 Rh8 24. Nf3 Nf5 25. Ng3 c4 26. Qe2 Rh6 27. Nxf5+ exf5
28. Ng5 Bxg5 29. Rxg5 Qe6 30. Rcg1 b5 31. Rh5 Rah8 32. Rxh6 Rxh6 33. Qf3 Rh4
34. h3 a5 35. Kh2 Rh8 36. Rg2 Rb8 37. Qg3 b4 38. axb4 axb4 39. Qg5 bxc3 40.
bxc3 Rb3 41. Rg3 Rb7 42. h4 Qe7 43. Qxe7 Rxe7 44. h5 Re6 45. hxg6 fxg6 46. Kg2
Rb6 47. Re3 Rb2+ 48. Kg3 Kf7 49. Kf3 Ke6 50. Kg3 Rc2 51. Rf3 Re2 52. Rf2 Re1
53. Kg2 Rc1 54. Rf3 Rc2+ 55. Kg3 Kf7 56. Re3 Rd2 57. Rf3 Re2 58. Kh3 Re1 59.
Kg2 Re4 60. Kf2 Kg7 61. Kf1 Kh6 62. Rh3+ Kg7 63. Rf3 Kf7 64. Kf2 Kg7 65. Kf1
Kf7 1/2-1/2

[Event "Politiken Cup 2011"]
[Site "Helsingor"]
[Date "2011.07.31"]
[Round "2.51"]
[White "Nielsen, Frode B"]
[Black "Patuzzo, Fabrizio"]
[Result "0-1"]
[WhiteElo "2028"]
[BlackElo "2274"]
[PlyCount "72"]
[EventDate "2011.??.??"]
[WhiteTeam "Frederiksberg"]
[BlackTeam "Mendrisio"]

1. e4 c6 2. Nc3 d5 3. d3 e5 4. f4 d4 5. Nce2 Bg4 6. fxe5 Nd7 7. h3 Bxe2 8. Qxe2
Bb4+ 9. Bd2 Qh4+ 10. Kd1 Bxd2 11. Nf3 Qg3 12. Qxd2 c5 13. Qe1 Qg6 14. Qa5 Ne7
15. Qc7 Qb6 16. Qxb6 axb6 17. c3 Nc6 18. cxd4 cxd4 19. Be2 Ndxe5 20. Kd2 Ke7
21. Rhc1 f6 22. a3 Ra5 23. b4 Nxf3+ 24. Bxf3 Rg5 25. h4 Rg3 26. b5 Ne5 27. Rc7+
Kd6 28. Rac1 Ra8 29. Rxb7 Nxf3+ 30. gxf3 Ke5 31. Rxb6 Rg2+ 32. Ke1 Rxa3 33.
Rbc6 Raa2 34. Kf1 Kf4 35. R1c5 Raf2+ 36. Ke1 Ke3 0-1